000 00871nam a22002297a 4500
999 _c65840
_d65840
005 20240530110846.0
008 200912s2020 ua a f b 000 0dara d
017 _a2019/11380
_bمصر. دار الكتب
020 _a9789778124088
040 _aEG-CaGPL
_cEG-CaGPL
082 0 4 _221
_a894.35\
_bإ م
100 0 _aاحسان الملائكة
245 1 0 _aملامح من تاريخ الادب التركى :
_bمع نخبة امثال تركية /
_cاحسان الملائكة
250 _aط.1
260 _aالقاهرة :
_bالمكتب العربى للمعارف،
_c2020
300 _a260 ص. ؛
_c24 سم.
504 _aيشتمل على ارجاعات ببليوجرافية
650 0 7 _aالادب التركى
_2qrmak
650 0 7 _aالامثال التركية
_2qrmak
942 _2ddc
_cBK